000 00509nam a22001457a 4500
003 MACL
005 20190331160752.0
008 190331b xxu||||| |||| 00| 0 eng d
040 _cMACL
100 _aमर्फी,डॉ. जोसेफ
_974073
245 _aआपके अवचेतन मन की शक्ति
260 _aनई दिल्‍ली
_bनार्थ इण्डिया पब्लि.
_c2018
650 _aसामान्‍य वर्ग
_936
942 _2ddc
_cHIN
999 _c59211
_d59211